000 00304nam a2200121Ia 4500
008 220204s9999 xx 000 0 und d
082 _a028.2875
_bFUR
100 _aFurukawa, J
245 0 _aIonic polymerization:unsolved problems
260 _aNew York
_bDekker
_c1976
700 _aVogl, O
942 _cBK
999 _c24450
_d24450